Greek political theory; (Record no. 35945)
[ view plain ]
| 000 -LEADER | |
|---|---|
| fixed length control field | 01159nam a2200337 4500 |
| 001 - CONTROL NUMBER | |
| control field | 35945 |
| 003 - CONTROL NUMBER IDENTIFIER | |
| rucl marc code | BD-RjUL |
| 005 - DATE AND TIME OF LATEST TRANSACTION | |
| control field | 20211209052416.0 |
| 008 - FIXED-LENGTH DATA ELEMENTS--GENERAL INFORMATION | |
| fixed length control field | 140612s1965 ilu b 000 0 eng d |
| 035 ## - SYSTEM CONTROL NUMBER | |
| System control number | (OCoLC)ocm00271177 |
| System control number | (BD-RjUL)36042 |
| System control number | (NNC)1131521 |
| 040 ## - CATALOGING SOURCE | |
| Original cataloging agency | DLC |
| Transcribing agency | DAY |
| Modifying agency | m.c. |
| -- | m/c |
| -- | HCH |
| -- | ZCU |
| -- | BD-RjUL |
| Language of cataloging | eng |
| 041 ## - LANGUAGE CODE | |
| Language code of text/sound track or separate title | eng |
| 082 ## - DEWEY DECIMAL CLASSIFICATION NUMBER | |
| Classification number | 320.0938 |
| Author mark and year | GRG 1965 |
| 099 ## - LOCAL FREE-TEXT CALL NUMBER (OCLC) | |
| Bangla Class number | 88T43 |
| -- | G86 |
| 100 1# - MAIN ENTRY--PERSONAL NAME | |
| Personal name | Grene, David. |
| 9 (RLIN) | 109417 |
| 245 10 - TITLE STATEMENT | |
| Title | Greek political theory; |
| Remainder of title | the image of man in Thucydides and Plato / |
| Statement of responsibility, etc. | David Grene |
| 260 ## - PUBLICATION, DISTRIBUTION, ETC. (IMPRINT) | |
| Place of publication, distribution, etc. | Chicago : |
| Name of publisher, distributor, etc. | University of Chicago Press , |
| Date of publication, distribution, etc. | 1965. |
| 300 ## - PHYSICAL DESCRIPTION | |
| Pagination | x, 229 p. ; |
| Size | 21 cm. |
| 490 1# - SERIES STATEMENT | |
| Series statement | Phoenix books in philosophy and religion ; |
| Volume/sequential designation | P201 |
| 500 ## - GENERAL NOTE | |
| General note | Originally published under title: Man in his pride. |
| 504 ## - BIBLIOGRAPHY, ETC. NOTE | |
| Bibliography, etc | Bibliographical references included in "Notes" (p. 205-229) |
| 600 00 - SUBJECT ADDED ENTRY--PERSONAL NAME | |
| Personal name | Thucydides |
| General subdivision | Political and social views. |
| Personal name | Plato. |
| 651 #0 - SUBJECT ADDED ENTRY--GEOGRAPHIC NAME | |
| Geographic name | Greece |
| General subdivision | Politics and government. |
| 9 (RLIN) | 109420 |
| 830 #0 - SERIES ADDED ENTRY--UNIFORM TITLE | |
| Volume number/sequential designation | P201. |
| Uniform title | Phoenix books in philosophy and religion ; |
| 942 ## - ADDED ENTRY ELEMENTS (KOHA) | |
| Source of classification or shelving scheme | Dewey Decimal Classification |
| Koha item type | Books |
| Lost status | Source of classification or shelving scheme | Damaged status | Not for loan | Collection code | Permanent Location | Current Location | Shelving location | Date acquired | Source of acquisition | Cost, normal purchase price | Total Checkouts | Full call number | Date last seen | Copy number | Koha item type |
|---|---|---|---|---|---|---|---|---|---|---|---|---|---|---|---|
| Dewey Decimal Classification | Non-fiction | Central Library, University of Rajshahi | Central Library, University of Rajshahi | 23/06/1970 | Zeitlinger | 18.00 | 320.0938 GRG 1965 | 12/06/2014 | C-3 | Books | |||||
| Dewey Decimal Classification | Not For Loan | Non-fiction | Central Library, University of Rajshahi | Central Library, University of Rajshahi | Reading Room | 23/06/1970 | Zeitlinger | 18.00 | 320.0938 GRG 1965 | 12/06/2014 | C-1 | Books | |||
| Dewey Decimal Classification | Non-fiction | Central Library, University of Rajshahi | Central Library, University of Rajshahi | 23/06/1970 | zeitlinger | 18.00 | 320.0938 GRG 1965 | 09/08/2016 | C-2 | Books | |||||
| Dewey Decimal Classification | Non-fiction | Central Library, University of Rajshahi | Central Library, University of Rajshahi | 23/06/1970 | Zeitlinger | 320.0938 GRG 1965 | 12/12/2016 | C-4 | Books |